|
|
|
|
| LEADER |
00000nam0a2200000 4500 |
| 001 |
108430 |
| 005 |
20231031115630.0 |
| 010 |
|
|
|a 5741804519
|
| 035 |
|
|
|a (RuTPU)RU\TPU\book\117057
|
| 090 |
|
|
|a 108430
|
| 100 |
|
|
|a 20070119d2006 m y0rusy50 ca
|
| 101 |
0 |
|
|a rus
|
| 102 |
|
|
|a RU
|
| 105 |
|
|
|a a j 001zy
|
| 200 |
1 |
|
|a Математическая логика и теория алгоритмов
|e учебное пособие
|f Л. М. Гурова, Е. В. Зайцева
|
| 210 |
|
|
|a Москва
|c Изд-во МГГУ
|d 2006
|
| 215 |
|
|
|a 262 с.
|c ил.
|
| 225 |
1 |
|
|a Высшее горное образование
|
| 320 |
|
|
|a Библиогр.: с. 259.
|
| 330 |
|
|
|a Изложен материал основного курса «Математическая логика и теория алгоритмов», читаемого на факультете «Автоматизации и информатики (АИ)» МГГУ: основные понятия, относящиеся к семантике формализованных логико-математических языков; математическая логика, исчисление высказываний и предикатов, элементы теории множеств, основы теории моделей и алгоритмов. Показано практическое использование алгебры к задачам математической логики.Для студентов вузов, обучающихся по направлениям 552800, 654600 «Информатика и вычислительная техника», специальности 220200 «Автоматизированные системы обработки информации и управления».
|
| 610 |
1 |
|
|a математическая логика
|
| 610 |
1 |
|
|a алгоритмы
|
| 610 |
1 |
|
|a теория
|
| 610 |
1 |
|
|a учебные пособия
|
| 610 |
1 |
|
|a множества
|
| 610 |
1 |
|
|a высказывания
|
| 610 |
1 |
|
|a классические исчисления
|
| 610 |
1 |
|
|a предикаты
|
| 610 |
1 |
|
|a логика
|
| 610 |
1 |
|
|a задачи
|
| 610 |
1 |
|
|a упражнения
|
| 675 |
|
|
|a 510.6(075.8)
|v 3
|
| 675 |
|
|
|a 510.5(075.8)
|v 3
|
| 700 |
|
1 |
|a Гурова
|b Л. М.
|g Любовь Михайловна
|
| 701 |
|
1 |
|a Зайцева
|b Е. В.
|g Елена Вячеславовна
|
| 801 |
|
1 |
|a RU
|b 63413507
|c 20070119
|g PSBO
|
| 801 |
|
2 |
|a RU
|b 63413507
|c 20130905
|g PSBO
|
| 900 |
|
|
|a Математическая логика и теория алгоритмов
|
| 942 |
|
|
|c BK
|
| 951 |
|
|
|b 230000
|b 230102
|
| 959 |
|
|
|a 1/20070112
|d 1
|e 0
|f ЧЗТЛ:1
|